| 000 | 01028nam a2200265 a 4500 | ||
|---|---|---|---|
| 001 | BRCA_4629 | ||
| 005 | 20190320204737.0 | ||
| 008 | 280910s1948----sp-a######---#000-0#spa-# | ||
| 041 | _aspa | ||
| 044 | _asp | ||
| 050 | 4 |
_aND653.B6 _b.B73 1948 |
|
| 100 | 1 |
_aBrans, J. V. L. _911712 |
|
| 245 | 1 | 0 |
_aHieronymus Bosch (El Bosco) _ben el Prado y en el Escorial _cJ. V. L. Brans ; traducción del original inédito por M. Cardenal Iracheta. |
| 260 |
_aBarcelona _bOmega _c1948 |
||
| 300 |
_a93 p. _bil. (algunas a color), 116 láminas _c24 cm. |
||
| 500 | _aIncluye índice alfabético de dibujos y pinturas, índice geográfico de los dibujos y cuadros de Hieronymus Bosch y de las réplicas y atribuciones mencionadas en esta obra | ||
| 500 | _aD39 | ||
| 504 | _aBibliografía: p. 85 | ||
| 600 | 1 | 4 |
_aBosco Hieronymus Van Aken _cEl Bosco _911713 |
| 650 | 1 | 4 |
_aPintores holandeses _ySiglo XV _911714 |
| 650 | 1 | 4 |
_aGalerías y museos _zEspaña _97331 |
| 700 | 1 |
_aCardenal Iracheta, M. _911715 |
|
| 902 | _aGFM | ||
| 942 |
_2lcc _cB |
||
| 999 |
_c4332 _d4332 |
||